| 000 | 00407nam a22001697a 4500 | ||
|---|---|---|---|
| 005 | 20160524115525.0 | ||
| 008 | 160524b xxu||||| |||| 00| 0 eng d | ||
| 020 | _a81-259-0777-7 | ||
| 041 | _aeng | ||
| 082 | _b4573 | ||
| 100 |
_aPatel, Bhagtesh M. _91128 |
||
| 245 | _aProject Management | ||
| 260 |
_aNew Delhi _bAcademic Faundation _c2002 |
||
| 300 | _a637 | ||
| 650 |
_aManagement _9241 |
||
| 942 | _cBK | ||
| 999 |
_c1533 _d1532 |
||